Hodnotenie marketingového manažmentu vybraného podniku

Hlavná charakteristika a význam marketingového manažmentu v organizácií. Analýza vybraného podniku na základe konkrétnej implementácie nástrojov marketingového manažmentu a návrh riešenia na efektívne dosahovanie podnikateľských cieľov organizácie na rôznych úrovniach podniku. Analýza SWOT a PESTLE.

Gespeichert in:
Bibliographische Detailangaben
1. Verfasser: Almaksus, Lucia
Format: Buchkapitel
Sprache:Slowakisch
Schlagworte:
Tags: Tag hinzufügen
Keine Tags, Fügen Sie das erste Tag hinzu!

MARC

LEADER 00000naa a2200000 4500
001 0312428
005 20250924085133.4
041 0 |a slo 
044 |a SK 
245 1 0 |a Hodnotenie marketingového manažmentu vybraného podniku  |c Lucia Almaksus 
520 |a Hlavná charakteristika a význam marketingového manažmentu v organizácií. Analýza vybraného podniku na základe konkrétnej implementácie nástrojov marketingového manažmentu a návrh riešenia na efektívne dosahovanie podnikateľských cieľov organizácie na rôznych úrovniach podniku. Analýza SWOT a PESTLE. 
610 2 0 |a manažment 
610 2 0 |a marketing 
610 2 0 |a stratégia marketingová 
610 2 0 |a podnik 
610 2 0 |a analýzy 
610 2 0 |a analýza swot 
100 1 |a Almaksus, Lucia